Oxford English Hindi Dctionary (Record no. 8570)
[ view plain ]
| 000 -LEADER | |
|---|---|
| fixed length control field | 00340nam a2200145Ia 4500 |
| 003 - CONTROL NUMBER IDENTIFIER | |
| control field | OSt |
| 005 - DATE AND TIME OF LATEST TRANSACTION | |
| control field | 20240320110749.0 |
| 008 - FIXED-LENGTH DATA ELEMENTS--GENERAL INFORMATION | |
| fixed length control field | 170524s9999 xx 000 0 und d |
| 020 ## - INTERNATIONAL STANDARD BOOK NUMBER | |
| International Standard Book Number | 9780195648195 |
| 040 ## - CATALOGING SOURCE | |
| Transcribing agency | iimtu |
| 100 ## - MAIN ENTRY--PERSONAL NAME | |
| Personal name | Ed. VERMA- S.K |
| 245 #0 - TITLE STATEMENT | |
| Title | Oxford English Hindi Dctionary |
| 260 ## - PUBLICATION, DISTRIBUTION, ETC. | |
| Name of publisher, distributor, etc. | New Delhi: Oxford |
| 942 ## - ADDED ENTRY ELEMENTS (KOHA) | |
| Source of classification or shelving scheme | |
| Koha item type | Book Bank |
| Withdrawn status | Lost status | Source of classification or shelving scheme | Damaged status | Not for loan | Home library | Current library | Date acquired | Barcode | Date last seen | Uniform Resource Identifier | Price effective from | Koha item type | Total Checkouts | Date last checked out |
|---|---|---|---|---|---|---|---|---|---|---|---|---|---|---|
| IIMT University Central Library Meerut | IIMT University Central Library Meerut | 05/31/2017 | 01-B-90553 | 05/31/2017 | DICTIONARY | 05/31/2017 | Reference Book | |||||||
| IIMT University Central Library Meerut | IIMT University Central Library Meerut | 05/31/2017 | 01-B-90554 | 09/27/2024 | DICTIONARY | 05/31/2017 | General Book | 3 | 09/20/2024 |

